| 000 | 00715nam a2200205Ii 4500 | ||
|---|---|---|---|
| 003 | JO-AjNU | ||
| 008 | 230605s9999||||xx |||||||||||||| ||und|| | ||
| 040 |
_aJO-AjNU _bara _erda _cJO-AjNU |
||
| 041 | _aara | ||
| 050 | 1 | 4 | _aBP133.A272 2002 |
| 100 | 3 |
_aأبو عزام، أحمد موسى عطوان, _eauthor _920748 |
|
| 245 | 0 | 0 | _aارشاد الحيران إلى العلاج بالقرآن |
| 250 | _aط1 | ||
| 264 | 3 | 1 | _aعمان: دار البيت للنشر والتوزيع، 2002 |
| 300 | _a127ص | ||
| 336 |
_atext _btxt _2rdacontent |
||
| 337 |
_aunmediated _bn _2rdamedia |
||
| 338 |
_avolume _bnc _2rdacarrier |
||
| 650 | 4 |
_aالقرآن - الحديث -السحر - العلاج النفسي _920749 |
|
| 999 |
_aA7090 _c10658 _d10658 |
||